Kladivo na politikov
Vládne a opizičné strany začínajú potichu rokovať o zákaze nadmerného dlhu. Krajiny OECD s najvyšším dlhom. Vývoj zadlženosti SR - hrubý verejný dlh.
Gespeichert in:
| 1. Verfasser: | |
|---|---|
| Weitere Verfasser: | |
| Format: | Buchkapitel |
| Sprache: | Slowakisch |
| Schlagworte: | |
| Tags: |
Keine Tags, Fügen Sie das erste Tag hinzu!
|
MARC
| LEADER | 00000naa a2200000 4500 | ||
|---|---|---|---|
| 001 | 0128399 | ||
| 005 | 20231113072728.3 | ||
| 041 | 0 | |a slo | |
| 044 | |a SK | ||
| 245 | 1 | 0 | |a Kladivo na politikov |c Michal Lehuta, František Múčka |
| 520 | |a Vládne a opizičné strany začínajú potichu rokovať o zákaze nadmerného dlhu. Krajiny OECD s najvyšším dlhom. Vývoj zadlženosti SR - hrubý verejný dlh. | ||
| 610 | 2 | 0 | |a dlhy verejné |
| 610 | 2 | 0 | |a zadlženosť |
| 610 | 2 | 0 | |a Európska únia |
| 610 | 2 | 0 | |a Slovensko |
| 100 | 1 | |a Lehuta, Michal | |
| 700 | 1 | |a Múčka, František | |